Baghouz, l'ancienne Corsôtê : le tell archaïque et la nécropole de l'Age du Bronze /

محفوظ في:

المؤلف الرئيسي: Du Mesnil du Buisson, Robert, comte, 1895-1986.

التنسيق: كتاب

اللغة: French

منشور في: Leiden : E.J. Brill, 1948.

سلاسل: Documenta et monumenta Orientis antiqui ; 3.
DMOA ; 3.

الموضوعات:

الوسوم: إضافة وسم

لا توجد وسوم, كن أول من يضع وسما على هذه التسجيلة!

رقم الطلب: DS42.4 .D6 v.3

LEADER 00867nam a2200217Ia 4500
003 OSt
005 20230223070827.0
008 220611s1948 ne ab 000 0 fre
952 |0 0  |1 0  |2 lcc  |4 0  |6 DS00424 D6 V.00003  |7 1  |9 45634  |a ARCE  |b ARCE  |d 2023-02-23  |l 0  |o DS42.4 .D6 v.3  |p 1009557  |r 2023-02-23 00:00:00  |w 2023-02-23  |y BK 
999 |c 47641  |d 47641 
040 |c ARCE Library 
050 4 |a DS42.4 .D6 v.3 
100 |a Du Mesnil du Buisson, Robert,   |c comte,   |d 1895-1986. 
245 1 0 |a Baghouz, l'ancienne Corsôtê :   |b le tell archaïque et la nécropole de l'Age du Bronze /   |c Avec une préf. de Ch. Virolleaud.  
264 1 |a Leiden :   |b E.J. Brill,   |c 1948. 
300 |a xii, 93 p. :   |b illus., maps (part fold.) ;   |c 30 cm. 
490 0 |a Documenta et monumenta Orientis antiqui ;   |v 3. 
490 0 |a DMOA ;   |v 3. 
650 0 |a Barhous (Syria) 
901 |a reviewed 
942 |2 lcc  |c BK